Statistiques concernant Villes les plus peuplées du Brésil

Cliquez ici pour prendre le quiz!

Statistiques générales

  • Ce quiz a été pris 94 fois
  • Le résultat moyen est 8 sur 20

Statistiques - réponses

PopulationVille% Correct
6 748 953Rio de Janeiro
100%
12 336 259São Paulo
99%
3 055 149Brasilia
97%
2 412 937Belo Horizonte
63%
1 612 475Manaus
63%
1 533 580Recife
57%
1 420 667Porto Alegre
55%
2 431 415Fortaleza
51%
1 408 847Belém
45%
1 797 408Curitiba
42%
957 899São Luís
29%
1 039 297Campinas
19%
1 244 645Goiânia
19%
874 014Maceió
10%
2 886 698Salvador da Bahia
6%
842 686Duque de Caxias
5%
1 236 192Guarulhos
5%
830 672Nova Iguaçu
3%
781 390São Bernardo do Campo
3%
960 631São Gonçalo
2%

Distribution des résultats

Percentile par nombre de réponses

% des personnes avec chaque résultat

Votre développement - résultats

Vous n’avez pas pris ce quiz